Industrial policy and innovation

保存先:
書誌詳細
第一著者: Carter, Charles
フォーマット: 図書
言語:Undetermined
出版事項: London Heinemann 1981
主題:
タグ: タグ追加
タグなし, このレコードへの初めてのタグを付けませんか!
Thư viện lưu trữ: Trung tâm Học liệu Trường Đại học Cần Thơ
LEADER 00522nam a2200205Ia 4500
001 CTU_86184
008 210402s9999 xx 000 0 und d
082 |a 338.9 
082 |b C323 
100 |a Carter, Charles 
245 0 |a Industrial policy and innovation 
245 0 |c Charles Carter 
260 |a London 
260 |b Heinemann 
260 |c 1981 
650 |a Industrial policy 
650 |x Congresses 
650 |z Great britain 
904 |i Năm 
980 |a Trung tâm Học liệu Trường Đại học Cần Thơ